| 000 | 00999cam a22003257a 4500 | ||
|---|---|---|---|
| 003 | CHAP | ||
| 005 | 20220329141357.0 | ||
| 008 | 971013s1950 r 00010 d | ||
| 010 | _a67241 | ||
| 011 | _a68213 | ||
| 035 | _a77685 | ||
| 040 | _cCHAP | ||
| 082 |
_a636.080973 _bC5 |
||
| 100 | 0 | 0 |
_aClawson, Marion. _923735 |
| 245 | 1 | 4 | _aThe western range livestock industry |
| 260 |
_aNew York : _bMcGraw-Hill, _c1950 |
||
| 300 |
_a401 p. _b: ilus.; gráfs. |
||
| 490 | 4 | _aThe American forestry series | |
| 590 |
_aBATCH-UPD _b10 _c20130110 _lUCH01 _h0931 |
||
| 590 |
_aBATCH-UPD _b10 _c20130410 _lUCH01 _h0550 |
||
| 590 |
_aBATCH-UPD _b10 _c20130914 _lUCH01 _h1500 |
||
| 590 |
_aCONVERSION _b10 _c20130109 _lUCH01 _h1337 |
||
| 650 | 1 | 4 |
_aGanadería _xE.U.A. _944690 |
| 650 | 1 | 4 |
_aPastizales. _985916 |
| 650 | 1 | 4 |
_aPastoreo. _985984 |
| 830 | 4 |
_aThe American forestry series _9112620 |
|
| 901 | _aBK | ||
| 942 | _cLIBRO | ||
| 949 |
_a636.080973 C5 _bBC _cLIBRO _d33724000269874 _eLIBRO _h73413 _i77685 _mD _si |
||
| 999 |
_c67241 _d67241 |
||